Responses for Show #2486 - Monday, May 29, 1995

Contestants

[<< previous game]

Enid Levine, a management analyst from Springfield, Virginia

Mike Creed, an antique and collectibles dealer from Brooklyn, New York

Jeff Hall, a student teacher from Lemoore, California (whose 2-day cash winnings total $27,100)

[next game >>]

Jeopardy! Round responses

PEOPLE IN HISTORY
BEAUTY QUEENS & PAGEANT WINNERS
GASES
GUINNESS RECORDS
I'LL TAKE MANHATTAN
CROSSWORD CLUES "P"
    $100 6
(Lt. William) Bligh

Jeff
    $100 20
Mary Hart

Jeff
    $100 1
xenon

Jeff
    $100 11
a kangaroo

Mike
    $100 24
Bloomingdale's

Enid
    $100 13
piranha

Mike
    $200 7
Washington

Mike
    $200 21
Michael Caine

Jeff
    $200 2
ammonia

Jeff
    $200 12
(Mike: What is the Tigris?)

the Euphrates

MikeEnid
    $200 25
Central Park

Jeff
    $200 14
pantomime

Mike
    $300 8
India

Jeff
    $300 22
Utah

Mike
    $300 3
helium

Jeff
    $300 18
Greenland

Enid
    $300 27
Chelsea

Jeff
    $300 15
precinct

Mike
    $400 9
the boer War

Mike
    $400 26
Cloris Leachman

Mike
    $400 4
acetylene

Jeff
    $400 19
(John Philip) Sousa

Jeff
    $400 28
Carnegie

Mike
    $400 16
porter

Mike
    $500 10
Torquemada

Mike
    $500 30
Paula Zahn

Jeff
    $500 5
methane

Enid
    $500 23
English

Enid
    $500 29
The Four Seasons

Mike
    $500 17
(Alex: Well done in this category.)
[Applause]

paddy

Mike

Scores at the first commercial break (after clue 15):

Jeff Mike Enid
$1,400 $1,600 $700

Scores at the end of the Jeopardy! Round:

Jeff Mike Enid
$3,100 $4,100 $1,600

Double Jeopardy! Round responses

SEAS
SAINTS
ART & ARTISTS
PSYCH 102
ASSASSINATIONS
AMERICAN LITERATURE
    $200 1
the Mediterranean

Jeff
    $200 11
Greek

Enid
    $200 2
Copenhagen

Mike
    $200 8
a habit

Mike
    $200 17
(John Wilkes) Booth

Jeff
    $200 18
(Louisa May) Alcott

Jeff
    $400 4
the North Sea

Mike
    $400 12
James

Jeff
    $400 3
Mexico

Jeff
    $400 22
Bedlam

Jeff
    $400 19
Pizarro

Jeff
    $400 20
New Orleans

Mike
    $600 5
the Red Sea

Jeff
    $600 14
Luke

Jeff
    $600 9
Gutzon Borglum

Mike
    $600 28
Dr. Joyce Brothers

Enid
    $600 25
El Cid

Mike
    $600 21
Sister Carrie

Enid
    $1,500 6
the China Sea

Jeff
    $800 15
Pepin

Mike
    $800 10
Georgia O'Keeffe

Jeff
    $800 29
libido

Enid
    $1,500 26
Franz Joseph

Mike
    $800 23
Winesburg, Ohio

Jeff
    $1000 7
the Baltic Sea

Enid
    $1000 16
St. Denis (St. Dennis)

Triple Stumper
    $1000 13
(Jeff: What is The Thinker?)

The Kiss

JeffMike
    $1000 30
Menninger

Jeff
    $1000 27
the Congo

Mike
    $1000 24
(Jeff: Who is Eugene O'Neill?)

(William) Faulkner

JeffMike

Scores at the end of the Double Jeopardy! Round:

Jeff Mike Enid
$8,600 $11,800 $4,800

[wagering suggestions for these scores]

Final Jeopardy! Round responses

SPORTS
(Alex: [To Mike] The French bicycle race is correct.)
EnidWhat is?
$1,602
JeffWhat is the Paris-Dakar Rally?
$3,201
MikeWhat is the Tour de France?
$7,500
The Tour de France

Final scores:

Jeff Mike Enid
$5,399 $19,300 $3,198
2nd place: Glisten in the Moonlight painting by Nan Rae + Nourison rug + Jeopardy! Sport Edition for home computer or Super Nintendo Entertainment System New champion: $19,300 3rd place: Insight 386SX PC + Jeopardy! Sport Edition for home computer or Super Nintendo Entertainment System

Game dynamics:

Coryat scores:

Jeff Mike Enid
$7,900 $11,100 $4,800
25 R
(including 1 DD),
2 W
24 R
(including 2 DDs),
1 W
10 R,
0 W

Combined Coryat: $23,800

[game clues] [game scores] [suggest correction]

Game tape date: 1995-01-31
The J! Archive is created by fans, for fans. Scraping, republication, monetization, and malicious use prohibited; this site may use cookies and collect identifying information. See terms. The Jeopardy! game show and all elements thereof, including but not limited to copyright and trademark thereto, are the property of Jeopardy Productions, Inc. and are protected under law. This website is not affiliated with, sponsored by, or operated by Jeopardy Productions, Inc. Join the discussion at JBoard.tv.